Comuni della Città Metropolitana di Venezia - Statistics

Statistiche generali
  • Questo quiz è stato fatto 567 volte
  • Il punteggio medio è 23 su 44
Risposte nella Mappa
Le risposte nella mappa del quiz sottostante sono codificate secondo una scala di colori dal rosso al verde in base alla % di persone che hanno risposto correttamente.
 
Statistiche sulle risposte
Abitanti (2019) Comuni % Corretto
259.150 VENEZIA
99%
48.971 Chioggia
91%
26.529 Jesolo
88%
11.476 Caorle
84%
38.553 Mira
80%
41.992 San Donà di Piave
78%
24.912 Portogruaro
77%
15.079 Dolo
75%
27.371 Mirano
75%
12.224 Eraclea
71%
13.538 Cavallino-Treporti
68%
19.070 Scorzè
63%
28.103 Spinea
62%
16.199 Noale
58%
17.681 Marcon
57%
7.017 Noventa di Piave
57%
11.865 San Michele al Tagliamento
57%
8.081 Quarto d'Altino
56%
21.544 Martellago
53%
12.896 San Stino di Livenza
50%
13.348 Cavarzere
46%
6.329 Meolo
45%
7.666 Stra
45%
17.644 Santa Maria di Sala
44%
7.234 Campagna Lupia
43%
11.435 Musile di Piave
43%
2.771 Gruaro
42%
6.131 Ceggia
41%
4.149 Fossalta di Piave
41%
13.168 Camponogara
40%
3.825 Annone Veneto
38%
10.370 Concordia Sagittaria
38%
5.933 Fossalta di Portogruaro
38%
12.982 Salzano
38%
4.786 Torre di Mosto
36%
9.968 Vigonovo
36%
12.352 Pianiga
35%
2.921 Cona
33%
3.198 Cinto Caomaggiore
32%
7.020 Fossò
32%
8.485 Fiesso d'Artico
31%
2.273 Teglio Veneto
31%
4.680 Pramaggiore
29%
10.744 Campolongo Maggiore
27%
Nessun quiz corrispondente trovato
Distribuzione punteggi
Percentuale di utenti per punteggio
Percentile per numero di risposta
I tuoi punteggi nel tempo
Non hai fatto questo quiz